000 00435nam a2200181Ia 4500
001 9362
005 20260306161713.0
008 260306t2016||||xx |||||||||||||| ||spa||
041 _aESP
082 _a378.125
_bT64C
100 _aTobón, Sergio
_eAUT
245 0 _aCompetencias, calidad y educación superior
260 _c2016
300 _a209 páginas :
_c24 cm.
650 _aGEN
654 _aCED
942 _cLIB
_dJUS
_fJUS
_2ddc
_n
999 _c9362
_d9362